000 00961nam a2200313 i 4500
003 EG-GICUC
005 20260427065703.0
008 260427s1981 gw a|||fr|||| 000 0 eng d
040 _aEG-GiCUC
_bger
_cEG-GiCUC
_dEG-GiCUC
_erda
041 0 _ager
082 0 4 _221
_a343
_bMA . J
092 0 4 _221
099 _aLaw1 10 343 MA . J 2 ed - 1981
100 1 _aMadlener, Kurt
_eeditor.
245 1 0 _aJahrbuch Für Afrikanisches Recht:
_cKurt Madlener.
250 _aBand 2
264 1 _aHeidelberg:
_bC. F. Müller Juristischer Verlag,
_c1981.
300 _a270 pages :
_billustrations,
_c24 cm
336 _2rda content
_atext
337 _2rda media
_aComputer
338 _2rda carrier
_aOnline Resource
504 _aIncludes bibliographical references
546 _a Text in German
650 1 _aCriminal law
_2qrmak
651 1 _2qrmak
856 4 0 _uhttps://fll.law.cu.edu.eg/fulltext/bks/B10-10931.pdf
905 _a158
942 _2ddc
_n0
_cBK
_e21
999 _c73520
_d73520